000 01136nam a2200265 a 4500
001 74127
003 BD-RjUL
005 20211209082511.0
008 180305s2011 bg d|||| b||| 001 0 ben d
020 _a9789848810118
_cTk. 700.00
035 _a(BD-RjUL)74345
040 _aBD-RjUL
_beng
_cBD-RjUL
041 _aben
082 _223
_a338.9
_bCHU 2011
100 1 _aরবার্ট, চ্যাম্বার্স
_9220369
245 1 0 _aউন্নয়ন ভাবনা /
_cচ্যাম্বার্স রবার্ট ; অনুবাদ মোহা: আমিনুল ইসলাম
260 _aঢাকা :
_bএ এইচ দেভেলপমেন্ট পাব,
_c২০১১
300 _a১৯, ৩৫৯ পৃ. :
_bছবি ;
_c২২ সেমি.
500 _aইন্ডেক্স সম্বলিত
504 _aবিবলিওগ্রাফী সংযোজিত
650 _aঅর্থনৈতিক উন্নয়ন
_9220370
650 _aeconomic development
_9220371
700 _aইসলাম, মো: আমিনুল
_9220372
942 _2ddc
_cBK
999 _c74127
_d74127